All Animals In My Voice Zoo - Statistics

General Stats
  • This quiz has been taken 5 times
  • The average score is 23 of 30
Answer Stats
Answer % Correct
Cat
100%
Duck
100%
Elephant
100%
Flamingo
100%
Goat
100%
Lion
100%
Milkcow
100%
Penguin
100%
Sheep
100%
Tiger
100%
Bear
75%
Eagle
75%
Fox
75%
Frog
75%
Gorilla
75%
Horse
75%
Owl
75%
Panda
75%
Polar Bear
75%
Puppy
75%
Rabbit
75%
Reindeer
75%
Rhinoceros
75%
Snail
75%
Hippo
50%
Parrot
50%
Sloth
50%
Turtle
50%
Walrus
50%
Hamster
25%
No matching quizzes found
Score Distribution
Percent of People with Each Score
Percentile by Number Answered
Your Score History
You have not taken this quiz